书目信息 |
| 题名: |
园林的印迹
|
|
| 作者: | 余开亮 , 李满意 编著 | |
| 分册: | ||
| 出版信息: | 北京 中国发展出版社 2009.04 |
|
| 页数: | 166页 | |
| 开本: | 26cm | |
| 丛书名: | 神话之眼看建筑系列丛书 | |
| 单 册: | ||
| 中图分类: | TU986.62 | |
| 科图分类: | ||
| 主题词: | 古典园林--gu dian yuan lin--园林艺术--中国 | |
| 电子资源: | ||
| ISBN: | 978-7-80234-181-4 | |
| 000 | 01052nam 2200265 450 | |
| 001 | 012010553634 | |
| 005 | 20100627161718.70 | |
| 010 | @a978-7-80234-181-4@dCNY26.00 | |
| 100 | @a20100627d2009 em y0chiy0120 ea | |
| 101 | 0 | @achi |
| 102 | @aCN@b110000 | |
| 105 | @aa z 000yy | |
| 106 | @ar | |
| 200 | 1 | @a园林的印迹@Ayuan lin de yin ji@f余开亮, 李满意编著@Fyu kai liang,li man yi bian zhu |
| 210 | @a北京@c中国发展出版社@d2009.04 | |
| 215 | @a166页@c图@d26cm | |
| 225 | 2 | @a神话之眼看建筑系列丛书@Ashen hua zhi yan kan jian zhu xi lie cong shu |
| 330 | @a园林是人类力量的宣言,是人类对生存环境的赏析和反思。园林艺术的笔墨记载的不仅仅是现存的视觉形象,不少国家有过往的那个时代。本书以园林为向导,带领我们走进中国园林的幽深之处,揭开那段与园林相关的文化往昔。 | |
| 410 | 0 | @12001 @a神话之眼看建筑系列丛书 |
| 606 | 0 | @a古典园林@Agu dian yuan lin@x园林艺术@y中国 |
| 690 | @aTU986.62@v4 | |
| 701 | 0 | @a余开亮@Ayu kai liang@4编著 |
| 701 | 0 | @a李满意@Ali man yi@4编著 |
| 801 | 0 | @aCN@bQSSK@c20100627 |
| 905 | @b784946-48@dTU986.62@eY756@f3 | |
| 园林的印迹/余开亮, 李满意编著.-北京:中国发展出版社,2009.04 |
| 166页:图;26cm.-(神话之眼看建筑系列丛书) |
| ISBN 978-7-80234-181-4:CNY26.00 |
| 园林是人类力量的宣言,是人类对生存环境的赏析和反思。园林艺术的笔墨记载的不仅仅是现存的视觉形象,不少国家有过往的那个时代。本书以园林为向导,带领我们走进中国园林的幽深之处,揭开那段与园林相关的文化往昔。 |
| ● |
| 相关链接 |
|
|
|
正题名:园林的印迹
索取号:TU986.62/Y756
 
预约/预借
| 序号 | 登录号 | 条形码 | 馆藏地/架位号 | 状态 | 备注 |
| 1 | 784946 | 207849462 | 建筑库201/201建筑库 122排2列3层/ [索取号:TU986.62/Y756] | 在馆 | |
| 2 | 784947 | 207849471 | 建筑库201/201建筑库 119排2列4层/ [索取号:TU986.62/Y756] | 在馆 | |
| 3 | 784948 | 207849480 | 建筑库201/201建筑库 119排2列4层/ [索取号:TU986.62/Y756] | 在馆 |